Seconde _ Méthode Géographie - Statistiques

Statistiques générales
  • Ce quiz a été pris 9 fois
  • Le résultat moyen est 4 sur 9
Statistiques - réponses
Questions Réponses % Correct
Quelle est la première composante d'une rédaction Introduction
100%
La dernière composante d'un devoir s'appelle la ... conclusion
71%
Cela revient à repondre à la question "... se situe le phénomène ?"
71%
Ensuite vous devez ... les termes du sujet. Présenter / Définir
57%
Cette réflexion aboutit sur la ... problématique
57%
Dans une partie, il faut vous appuyez sur un ... précis afin de prouver votre propos. Exemple
29%
Comment se termine cette composante ? Annonce de plan
14%
Pour être précis, il faut donc connaître des ... Lieux / localisations
14%
Que faut-il faire pour localiser le sujet dans l'espace ? Spatialiser
0%
Aucun quiz correspondant
Distribution des résultats
% des personnes avec chaque résultat
Percentile par nombre de réponses
Votre historique - résultats
Vous n’avez pas pris ce quiz